[Event "292nd YMCA Autumn A"]
[Site "Warsaw"]
[Date "2024.12.11"]
[Round "12"]
[White "Kasperkiewicz, Pawel"]
[Black "Basiaga, Sebastian"]
[Result "1-0"]
[WhiteElo "1858"]
[BlackElo "1922"]
[PlyCount "83"]
[EventDate "2024.09.27"]
[EventType "tourn"]
[EventRounds "1"]
[EventCountry "POL"]
[SourceDate "2024.09.29"]

1. e4 e5 2. Nf3 Nf6 3. Nxe5 d6 4. Nf3 Nxe4 5. d3 Nf6 6. d4 d5 7. Bd3 Be7 8. h3
O-O 9. O-O Nbd7 10. Re1 Bd6 11. c4 dxc4 12. Bxc4 h6 13. Nc3 c6 14. Qd3 b5 15.
Bb3 Nc5 16. Qc2 Nxb3 17. Qxb3 Be6 18. Rxe6 fxe6 19. Qxe6+ Kh7 20. Ne5 Bxe5 21.
dxe5 Qd7 22. Qb3 Nd5 23. Nxd5 Qxd5 24. Qc2+ Kh8 25. f4 Qd4+ 26. Qf2 Qd1+ 27.
Qf1 Rad8 28. Be3 Qd5 29. b3 g5 30. g3 Qe4 31. Re1 Rd3 32. Qg2 Qb4 33. Re2 gxf4
34. Bxf4 Qc3 35. Kh2 Qd4 36. e6 Rxf4 37. e7 Re3 38. e8=Q+ Rxe8 39. Rxe8+ Kh7
40. gxf4 Qxf4+ 41. Qg3 Qd2+ 42. Kg1 1-0

[Event "292nd YMCA Autumn A"]
[Site "Warsaw"]
[Date "2024.12.12"]
[Round "12"]
[White "Zysko, Jan"]
[Black "Bobinski, Lukasz"]
[Result "1-0"]
[WhiteElo "2112"]
[BlackElo "1909"]
[PlyCount "77"]
[EventDate "2024.09.27"]
[EventType "tourn"]
[EventRounds "1"]
[EventCountry "POL"]
[SourceDate "2024.09.29"]

1. d4 Nf6 2. c4 c5 3. d5 b5 4. cxb5 a6 5. bxa6 g6 6. Nc3 Bxa6 7. e4 Bxf1 8.
Kxf1 d6 9. Nf3 Bg7 10. g3 O-O 11. Kg2 Nbd7 12. Qc2 Qa5 13. Bd2 Rfb8 14. Rhb1
Qb4 15. h3 Nb6 16. a3 Qc4 17. b3 Qa6 18. a4 Nfd7 19. Ra2 Ne5 20. Ne1 c4 21. b4
Nd3 22. a5 Bxc3 23. b5 Nxe1+ 24. Bxe1 Qxa5 25. Rxa5 Bxa5 26. Bxa5 Rxa5 27. Qc3
Rba8 28. Qd4 Rb8 29. e5 Ra3 30. exd6 exd6 31. Qf6 Rb3 32. Qxd6 Rc8 33. Rxb3
cxb3 34. Qb4 Nxd5 35. Qxb3 Nb6 36. Qe3 Nc4 37. Qe7 Kg7 38. Qd7 Rc5 39. Qd4+ 1-0

[Event "292nd YMCA Autumn A"]
[Site "Warsaw"]
[Date "2024.12.12"]
[Round "12"]
[White "Lewandrowski, Tomasz"]
[Black "Pettersson, Alexander"]
[Result "1-0"]
[WhiteElo "1954"]
[BlackElo "1842"]
[PlyCount "101"]
[EventDate "2024.09.27"]
[EventType "tourn"]
[EventRounds "1"]
[EventCountry "POL"]
[SourceDate "2024.09.29"]

1. d4 d5 2. Nc3 Nf6 3. Bf4 a6 4. e3 Bf5 5. Nf3 e6 6. a3 c5 7. Ne5 h6 8. h4 Nfd7
9. g4 Bh7 10. Bd3 Nxe5 11. Bxe5 Bxd3 12. Qxd3 Nc6 13. O-O-O Nxe5 14. dxe5 Qc7
15. f4 O-O-O 16. Kb1 h5 17. g5 g6 18. Ne2 c4 19. Qd2 Qb6 20. Ka1 Bc5 21. Nd4
Kb8 22. c3 Rc8 23. Qe2 Rhd8 24. Rd2 Bxd4 25. Rxd4 Rc5 26. Rhd1 Qb3 27. e4 Kc7
28. f5 Qb5 29. Qf1 exf5 30. exf5 Qe8 31. fxg6 fxg6 32. Re1 Rc6 33. Rf4 Re6 34.
Rf6 Rd7 35. Rf8 Qe7 36. Qf4 Kb6 37. Ka2 Qc5 38. Rf6 Rde7 39. Rf1 Ka7 40. Qd4
Qxd4 41. cxd4 Kb6 42. Rxe6+ Rxe6 43. Rf6 Rc6 44. e6 Kc7 45. Rxg6 c3 46. e7 c2
47. Rxc6+ bxc6 48. e8=Q c1=Q 49. Qe7+ Kb8 50. Qc5 Qg1 51. Qb6+ 1-0

[Event "292nd YMCA Autumn A"]
[Site "Warsaw"]
[Date "2024.12.10"]
[Round "12"]
[White "Borowy, Cezary"]
[Black "Flis, Piotr"]
[Result "1-0"]
[WhiteElo "2007"]
[BlackElo "1979"]
[PlyCount "91"]
[EventDate "2024.09.27"]
[EventType "tourn"]
[EventRounds "1"]
[EventCountry "POL"]
[SourceDate "2024.09.29"]

1. e4 e6 2. d3 d5 3. Nd2 Nf6 4. Ngf3 c5 5. g3 Nc6 6. Bg2 Be7 7. O-O O-O 8. e5
Nd7 9. Re1 b5 10. Nf1 a5 11. h4 a4 12. N1h2 a3 13. b3 Bb7 14. Ng4 Qb6 15. Bg5
Rfc8 16. Qc1 Qd8 17. Qf4 Nd4 18. Nxd4 cxd4 19. Re2 Bxg5 20. hxg5 Rc7 21. Nh2
Rac8 22. Rc1 Nb8 23. Nf3 Nc6 24. c3 dxc3 25. Rxc3 Nd4 26. Nxd4 Rxc3 27. Nxb5
Rc1+ 28. Kh2 R8c2 29. Nd6 Rc7 30. Qb4 Qxg5 31. Bh3 Bc8 32. Qxa3 R1c2 33. Rxc2
Rxc2 34. Qa7 h6 35. Qxf7+ Kh7 36. Nxc8 Rxc8 37. Bxe6 Rb8 38. d4 Qd2 39. Bxd5
Qxd4 40. Qf5+ Kh8 41. Be4 Kg8 42. e6 Qd6 43. Qf7+ Kh8 44. e7 Qd7 45. Qf8+ Rxf8
46. exf8=R# 1-0

[Event "292nd YMCA Autumn A"]
[Site "Warsaw"]
[Date "2024.12.11"]
[Round "12"]
[White "Kaniak, Monika"]
[Black "Kowalski, Witold"]
[Result "1/2-1/2"]
[WhiteElo "1862"]
[BlackElo "1983"]
[PlyCount "98"]
[EventDate "2024.09.27"]
[EventType "tourn"]
[EventRounds "1"]
[EventCountry "POL"]
[SourceDate "2024.09.29"]

1. d4 Nf6 2. c4 e6 3. Nc3 Bb4 4. Bd2 O-O 5. Nf3 d5 6. e3 c5 7. dxc5 Bxc5 8. a3
Nc6 9. Qc2 Re8 10. Be2 d4 11. exd4 Bxd4 12. O-O e5 13. Nb5 h6 14. Rad1 a6 15.
Nbxd4 exd4 16. Be3 Ng4 17. Bxd4 Nxd4 18. Nxd4 Qf6 19. Bf3 Qh4 20. h3 Ne5 21.
Bd5 Rb8 22. Rfe1 Bd7 23. Re4 Qf6 24. Rde1 Nc6 25. Rxe8+ Bxe8 26. Nxc6 Bxc6 27.
Bxc6 Qxc6 28. Qe4 Rc8 29. b3 b5 30. Qxc6 Rxc6 31. cxb5 axb5 32. Re5 Ra6 33.
Rxb5 Rxa3 34. Rb8+ Kh7 35. Kf1 Ra2 36. b4 Rb2 37. b5 Kg6 38. b6 Kh7 39. g3 g6
40. Kg2 Rb3 41. h4 Kg7 42. b7 Kh7 43. f3 Rb2+ 44. Kh3 Rb3 45. Kg4 Rb4+ 46. f4
h5+ 47. Kf3 Kg7 48. Ke3 Kf6 49. Ra8 Rxb7 1/2-1/2

[Event "292nd YMCA Autumn A"]
[Site "Warsaw"]
[Date "2024.12.13"]
[Round "12"]
[White "Choroszej, Aleksander"]
[Black "Pietrzak, Wojciech"]
[Result "1-0"]
[WhiteElo "2070"]
[BlackElo "1842"]
[PlyCount "43"]
[EventDate "2024.09.27"]
[EventType "tourn"]
[EventRounds "1"]
[EventCountry "POL"]
[SourceDate "2024.09.29"]

1. d4 d5 2. c4 dxc4 3. e4 e5 4. Nf3 exd4 5. Bxc4 Nc6 6. O-O Be6 7. Bb5 Bc5 8.
b4 Bxb4 9. Qa4 Qd6 10. e5 Qc5 11. a3 Bc3 12. Nxc3 dxc3 13. Be3 Qd5 14. Rfd1
O-O-O 15. Rxd5 Bxd5 16. Bxa7 Bxf3 17. gxf3 Nxe5 18. Be3 c6 19. Be2 Ne7 20. Qa8+
Kc7 21. Qa5+ Kd6 22. Bc5+ 1-0

[Event "292nd YMCA Autumn A"]
[Site "Warsaw"]
[Date "2024.12.18"]
[Round "13"]
[White "Kowalski, Witold"]
[Black "Choroszej, Aleksander"]
[Result "1-0"]
[WhiteElo "1983"]
[BlackElo "2070"]
[PlyCount "149"]
[EventDate "2024.09.27"]
[EventType "tourn"]
[EventRounds "1"]
[EventCountry "POL"]
[SourceDate "2024.09.29"]

1. e4 g6 2. d4 Bg7 3. h4 d5 4. e5 h5 5. Nf3 Bg4 6. Be2 Nh6 7. Bg5 c5 8. dxc5
Nc6 9. c3 Qd7 10. Na3 O-O 11. O-O Nf5 12. Nc2 Bxf3 13. Bxf3 e6 14. Nd4 Nfe7 15.
Re1 Nxe5 16. Be2 N7c6 17. Qd2 Nxd4 18. cxd4 Nc6 19. Bb5 Qc7 20. Bf4 Qd8 21.
Bxc6 bxc6 22. g3 Qc8 23. Bd6 Re8 24. Rad1 a5 25. Qd3 Qa6 26. Qc3 Ra7 27. b3 a4
28. b4 a3 29. Rb1 Rb7 30. Red1 Ra8 31. Kg2 Qe2 32. Qb3 Qb5 33. Qc3 Ra4 34. Rb3
Qc4 35. Qe3 Rbxb4 36. Rdb1 Qxd4 37. Qg5 Kh7 38. Qe7 Rxb3 39. Rxb3 Qf6 40. Qe8
Qf5 41. Rf3 Qe4 42. Qxf7 Ra8 43. Kh2 d4 44. Rf4 Qc2 45. Rxd4 Ra7 46. Qxa7 Qxf2+
47. Kh3 Qxd4 48. Qxa3 Qg1 49. Qf3 Qb1 50. Qxc6 Qxa2 51. Qe4 Qf2 52. c6 Qf1+ 53.
Qg2 Qc4 54. c7 e5 55. Qb7 Qf1+ 56. Qg2 Qc4 57. Bc5 Qe6+ 58. Kh2 e4 59. Qd2 Be5
60. Qd8 Qa2+ 61. Kh1 Qe2 62. Qd7+ Bg7 63. c8=Q Qf1+ 64. Kh2 Qe2+ 65. Kg1 Qe1+
66. Kg2 Qe2+ 67. Bf2 Qf3+ 68. Kg1 e3 69. Qc2 exf2+ 70. Qxf2 Qc3 71. Kh2 Qe5 72.
Qff7 Qb2+ 73. Kh3 Qa1 74. Qdd5 Qb2 75. Qg8+ 1-0

[Event "292nd YMCA Autumn A"]
[Site "Warsaw"]
[Date "2024.12.17"]
[Round "13"]
[White "Pettersson, Alexander"]
[Black "Borowy, Cezary"]
[Result "0-1"]
[WhiteElo "1842"]
[BlackElo "2007"]
[PlyCount "100"]
[EventDate "2024.09.27"]
[EventType "tourn"]
[EventRounds "1"]
[EventCountry "POL"]
[SourceDate "2024.09.29"]

1. d4 d6 2. c4 g6 3. Nc3 Bg7 4. e4 e5 5. d5 Nh6 6. Bd3 O-O 7. Nge2 f5 8. exf5
Nxf5 9. O-O Nd7 10. Ne4 Nf6 11. Bg5 Qe8 12. Qd2 Nxe4 13. Bxe4 a5 14. Rac1 b6
15. b3 Bf6 16. Bxf6 Rxf6 17. a3 Rf8 18. Rc3 Qe7 19. Bxf5 Bxf5 20. Ng3 Qh4 21.
Nxf5 Rxf5 22. Rh3 Qf4 23. Qc3 Raf8 24. b4 axb4 25. axb4 Ra8 26. Rf3 Qe4 27.
Rxf5 gxf5 28. Re1 Qd4 29. Qg3+ Qg4 30. Qxg4+ fxg4 31. Kf1 Ra4 32. Rb1 Ra2 33.
Rc1 Rd2 34. Ke1 Rd4 35. Ke2 Kf7 36. b5 Kf6 37. Ke3 Kf5 38. Rc3 h5 39. g3 Kg5
40. Rc2 h4 41. f4+ gxf3 42. gxh4+ Kg4 43. h5 Rf4 44. h6 Rf7 45. Rf2 e4 46. Kxe4
Re7+ 47. Kd3 Kf4 48. Rf1 Rh7 49. Re1 f2 50. Re4+ Kf3 0-1

[Event "292nd YMCA Autumn A"]
[Site "Warsaw"]
[Date "2024.11.19"]
[Round "13"]
[White "Bobinski, Lukasz"]
[Black "Lewandrowski, Tomasz"]
[Result "0-1"]
[WhiteElo "1909"]
[BlackElo "1954"]
[PlyCount "154"]
[EventDate "2024.09.27"]
[EventType "tourn"]
[EventRounds "1"]
[EventCountry "POL"]
[SourceDate "2024.09.29"]

1. Nf3 Nf6 2. c4 b6 3. g3 Bb7 4. Bg2 e6 5. O-O Be7 6. Nc3 O-O 7. Qc2 c5 8. e4
d6 9. d4 cxd4 10. Nxd4 Qc8 11. b3 Nbd7 12. Rd1 a6 13. Bf4 Rd8 14. Rd2 Bf8 15.
Nde2 e5 16. Bg5 h6 17. Bxf6 Nxf6 18. Rad1 Re8 19. h3 Qc7 20. Kh1 Rac8 21. Qd3
Bc6 22. f4 Qb7 23. f5 b5 24. Nd5 Nxd5 25. cxd5 Bd7 26. g4 Be7 27. Qg3 Rc7 28.
h4 f6 29. Ng1 Rec8 30. Nf3 Rc3 31. Bf1 Qb6 32. Bd3 Qe3 33. Re1 Qf4 34. Qxf4
exf4 35. Nd4 Bd8 36. Ne2 Ba5 37. b4 Bxb4 38. Rb1 Rc1+ 39. Rd1 Rxd1+ 40. Rxd1 g5
41. Kg2 Bc5 42. Rb1 Kf7 43. Kf3 Rb8 44. Nc1 Be3 45. Nb3 Rc8 46. Ke2 a5 47. Nxa5
Ra8 48. Bxb5 Bc8 49. Nc4 Rxa2+ 50. Kd3 Bc5 51. hxg5 hxg5 52. Nd2 Ba6 53. Bxa6
Rxa6 54. Rb7+ Ke8 55. Rb8+ Ke7 56. Rb7+ Kd8 57. Rb8+ Kc7 58. Rb3 Ra1 59. Rb1
Ra2 60. Rb3 Be3 61. Nc4 Bc5 62. Nd2 Ra8 63. Rb1 Rh8 64. Nb3 Rh3+ 65. Kc4 Be3
66. Na5 f3 67. Kd3 f2 68. Ke2 Bc5 69. Nb3 Re3+ 70. Kf1 Bb6 71. Nd2 Rg3 72. Ke2
Rxg4 73. Kf3 Rg1 74. Nf1 g4+ 75. Ke2 g3 76. Rxb6 Kxb6 77. Ne3 Re1+ 0-1

[Event "292nd YMCA Autumn A"]
[Site "Warsaw"]
[Date "2024.12.20"]
[Round "13"]
[White "Basiaga, Sebastian"]
[Black "Zysko, Jan"]
[Result "0-1"]
[WhiteElo "1922"]
[BlackElo "2112"]
[PlyCount "122"]
[EventDate "2024.09.27"]
[EventType "tourn"]
[EventRounds "1"]
[EventCountry "POL"]
[SourceDate "2024.09.29"]

1. d4 Nf6 2. c4 g6 3. Nc3 Bg7 4. e4 d6 5. f3 O-O 6. Be3 c5 7. Nge2 Nc6 8. d5
Ne5 9. Ng3 h5 10. Be2 h4 11. Nf1 e6 12. Bg5 Qb6 13. Qd2 exd5 14. Bxf6 Bxf6 15.
Nxd5 Qd8 16. Nxf6+ Qxf6 17. O-O-O Be6 18. Ne3 Nc6 19. Nc2 Rac8 20. Kb1 a6 21.
f4 b5 22. cxb5 axb5 23. Bxb5 Rfd8 24. Rhf1 Na7 25. Ba4 Rb8 26. Qc1 Bc4 27. Rf2
Bb5 28. Bxb5 Nxb5 29. Ka1 Re8 30. Qe3 Qe6 31. Re2 Ra8 32. a3 Ra4 33. e5 Qf5 34.
Qb3 Ra5 35. g3 dxe5 36. Rxe5 Rxe5 37. fxe5 Qxe5 38. Rf1 Nd6 39. Qc3 Qxc3 40.
bxc3 hxg3 41. hxg3 Kg7 42. Rf4 f5 43. Ka2 g5 44. Rf3 Kf6 45. Ne3 Ke5 46. Rxf5+
Nxf5 47. Nc4+ Kd5 48. Nxa5 Nxg3 49. Nb3 Ne4 50. Kb2 g4 51. Nc1 Kc4 52. Ne2 g3
53. Nf4 Nxc3 54. Kc2 Nd5 55. Ng2 Kd4 56. Kd2 c4 57. Ke2 Kc3 58. Kf3 Kd2 59. Ke4
c3 60. Nh4 c2 61. Nf3+ Kd1 0-1

[Event "292nd YMCA Autumn A"]
[Site "Warsaw"]
[Date "2024.12.06"]
[Round "13"]
[White "Mazurek, Jerzy"]
[Black "Kasperkiewicz, Pawel"]
[Result "0-1"]
[WhiteElo "1890"]
[BlackElo "1858"]
[PlyCount "108"]
[EventDate "2024.09.27"]
[EventType "tourn"]
[EventRounds "1"]
[EventCountry "POL"]
[SourceDate "2024.09.29"]

1. e4 e6 2. d4 d5 3. e5 c5 4. c3 Nc6 5. Nf3 Bd7 6. Be2 Nge7 7. O-O Nf5 8. dxc5
Bxc5 9. Nbd2 O-O 10. Nb3 Bb6 11. Bd3 Re8 12. Kh1 h6 13. Qe2 f6 14. Bd2 fxe5 15.
Nxe5 Nxe5 16. Qxe5 Bc7 17. Qe1 e5 18. f3 Qe7 19. Rd1 Nd6 20. Be3 b6 21. Bg6 Rf8
22. Rxd5 Qe6 23. Be4 Nxe4 24. fxe4 Bc6 25. Rxf8+ Rxf8 26. Rd1 Bxe4 27. Qe2 Bb7
28. Nd2 Rd8 29. Ra1 Qd5 30. Qc4 Qxc4 31. Nxc4 Bd5 32. Nd2 Kf7 33. Kg1 Ke6 34.
a4 Bd6 35. b4 Rc8 36. c4 Bxc4 37. Nxc4 Rxc4 38. b5 Rc3 39. Kf2 Ra3 40. Rxa3
Bxa3 41. a5 bxa5 42. Bxa7 Kd5 43. Ke2 Bc5 44. Bb8 Bd4 45. Kd3 Kc5 46. b6 Kxb6
47. Bd6 Kc6 48. Bf8 Kd5 49. Kc2 e4 50. g4 Kc4 51. h4 a4 52. h5 e3 53. Be7 Bc3
54. g5 e2 0-1